000 00901nam a2200277 a 4500
008
020 _a9781472439215 (hardback)
040 _aNUST
_cNUST
049 _aMAIN
090 _aTL671.2
_bJAC
100 1 _aJackson, Scott.,
_aauthor.
245 1 0 _aSystems engineering for commercial aircraft :
_ba domain-specific adaptation/
_c Scott Jackson.
250 _aSecond edition.
260 _aEngland :
_bAshgate,
_c2015.
300 _axxvi, 288 pages :
_billustrations ;
_c24 cm.
336 _atext
_btxt
_2rdacontent
337 _aunmediated
_bn
_2rdamedia
338 _avolume
_bnc
_2rdacarrier
500 _aIncludes index.
650 1 _aTransport planes
_xDesign and construction.
650 _aAeronautics
_xSystems engineering.
907 _a.b10403735
_b09-06-21
_c04-06-21
003
005 20230123141200.0
942 _cBOOKS
_kTL671.2
_mJAC
999 _c169077
_d169077